000
00389nam a2200133Ia 4500
008
151001s9999||||xx |||||||||||||| ||und||
100
_a
वासुदेव गोविंद आपटे
245
_a
रवीचे उज्वल किरण
250
_a
4
260
_b
एन के पब्लिशिंग हाऊस
260
_c
1950
300
_a
104
365
_b
7
999
_c
952140
_d
952137